UM Logo
Normal view MARC view
  • Qin, Ruiyang.

Entry Personal Name

Number of records used in: 1

001 - CONTROL NUMBER

  • control field: 52305

003 - CONTROL NUMBER IDENTIFIER

  • control field: OSt

005 - DATE AND TIME OF LATEST TRANSACTION

  • control field: 20240214084229.0

008 - FIXED-LENGTH DATA ELEMENTS

  • fixed length control field: 240214|| aca||aabn | a|a d

040 ## - CATALOGING SOURCE

  • Original cataloging agency: OSt
  • Transcribing agency: OSt

100 ## - HEADING--PERSONAL NAME

  • Personal name: Qin, Ruiyang.
  • Relator term: author.

670 ## - SOURCE DATA FOUND

  • Source citation: Work cat.: (OSt): Qin, Ruiyang. author., A 6.6kW high-frequency wireless power transfer system for electric vehicle charging using multilayer nonuniform self-resonant coil at MHz /Ruiyang Qin, Jie Li, and Daniel Costinett, April 2022.